UM Logo

An intrinsic formula for the cross ratio in spherical and hyperbolic geometries/ (Record no. 13317)

MARC details
000 -LEADER
fixed length control field 00636nam a2200157 4500
008 - FIXED-LENGTH DATA ELEMENTS--GENERAL INFORMATION
fixed length control field 190228b ||||| |||| 00| 0 eng d
022 ## - INTERNATIONAL STANDARD SERIAL NUMBER
International Standard Serial Number 0746-8342
082 ## - DEWEY DECIMAL CLASSIFICATION NUMBER
Classification number DPer 510.5 C697 Jan 2012-Sept 2015 v. 43 & 46, n. 1-4
100 ## - MAIN ENTRY--PERSONAL NAME
Personal name Foote, Robert L.
9 (RLIN) 37225
245 ## - TITLE STATEMENT
Title An intrinsic formula for the cross ratio in spherical and hyperbolic geometries/
Statement of responsibility, etc. Robert L. Foote and Xidian Sun.
260 ## - PUBLICATION, DISTRIBUTION, ETC. (IMPRINT)
Place of publication, distribution, etc. Washington D. C.:
Name of publisher, distributor, etc. Mathematical Association of America,
Date of publication, distribution, etc. ©Jul 2012-Sept 2015.
300 ## - PHYSICAL DESCRIPTION
Extent v43 n3, pages 182--188:
Other physical details Illustrations;
Dimensions 25 cm.
650 ## - SUBJECT ADDED ENTRY--TOPICAL TERM
Topical term or geographic name as entry element Geometry.
9 (RLIN) 37226
700 ## - ADDED ENTRY--PERSONAL NAME
Personal name Sun, Xidian
Relator term Author.
9 (RLIN) 37227
942 ## - ADDED ENTRY ELEMENTS (KOHA)
Source of classification or shelving scheme Dewey Decimal Classification
Koha item type Periodicals
Holdings
Withdrawn status Lost status Source of classification or shelving scheme Damaged status Not for loan Collection code Home library Current library Date acquired Total Checkouts Full call number Date last seen Price effective from Koha item type Public note
    Dewey Decimal Classification     Periodicals UM Digos College - LIC UM Digos College - LIC 02/28/2019   DPer 510.5 C697 Jan 2012-Sept 2015 v. 43 & 46, n. 1-4 02/28/2019 02/28/2019 Periodicals Periodical article